00333nam a2200085Ia 4500008004100000245005500041260000900096300010900105650003300214180130s9999 xx 000 0 und d cReiser, Robert; Milne, Derek L.aGraduate training c2016 aBook title: Teaching and supervising cognitive behavioral therapy--Acession number C20879; pages 133-144 aCOGNITIVE BEHAVIORAL THERAPY